| 000 | 00812nam a2200229 a 4500 | ||
|---|---|---|---|
| 001 | 56233 | ||
| 003 | BD-RjUL | ||
| 005 | 20211209080354.0 | ||
| 008 | 161127s1981 bg ||||| |||| 00| 0 ben d | ||
| 020 | _cTK 20.00 | ||
| 035 | _a(BD-RjUL)56357 | ||
| 040 |
_aBD-RjUL _bben _cBD-RjUL |
||
| 041 | _aben | ||
| 082 |
_223 _a330.951 _bDEC 1981 |
||
| 100 |
_a দে, মনোরঞ্জন _9118062 |
||
| 245 | 1 | 0 |
_aচীনের অর্থনৈতিক উন্নয়ন / _cমনোরঞ্জন দে |
| 260 |
_aঢাকা : _bবিশ্বপরিচয়, _c১৯৮১ |
||
| 300 |
_a৬৮ পৃ. ; _c২১ সেমি . |
||
| 650 |
_aঅর্থনৈতিক অবস্থা _zচীন _9167324 |
||
| 650 |
_aEconomic Conditions _zChina _9167325 |
||
| 942 |
_2ddc _cBK |
||
| 999 |
_c56233 _d56233 |
||